The Complete Johnson & Johnson book of mother & babycare : a practical parents'handbook from conception to three years

Bibliographic Details
Main Author: Fenwick, Elizabeth
Format: Book
Published: London : Dorling Kindersley , 1992
Subjects:

MARC

LEADER 00000cam a2200000 7i4500
001 0000001782
002 000001940
005 20000330.0
020 |a 0863184391 
090 0 0 |a 618.2   |b FEN 
100 1 |a Fenwick, Elizabeth 
245 1 4 |a The Complete Johnson & Johnson book of mother & babycare :   |b a practical parents'handbook from conception to three years   |c Elizabeth Fenwick 
260 |a London :   |b Dorling Kindersley ,   |c 1992 
300 |a 256p. :   |b ill. 1cm 
650 0 0 |a Childcare   |x Handbooks, manuals, etc 
650 0 0 |a Parenting   |x Handbooks, manuals, etc 
650 0 0 |a Pregnancy 
999 |a 033803   |b BUKU   |c PINJAMAN   |e PERPUSTAKAAN KOMUNITI PETALING JAYA 
999 |a 033804   |b BUKU   |c PINJAMAN   |e PERPUSTAKAAN KOMUNITI PETALING JAYA